| 000 | 01577cam a2200397 i 4500 | ||
|---|---|---|---|
| 001 | 768714001 | ||
| 003 | CO-MdFUSB | ||
| 005 | 20210604102019.0 | ||
| 007 | ta | ||
| 008 | 850719t1986 oru b 001 0 eng | ||
| 010 | _a 85015470 | ||
| 020 |
_a088070103X : _c$10.95 |
||
| 040 |
_aDLC _cCO-MdFUSB _dDLC _dCO-MdFUSB _bspa _erda |
||
| 041 | _aeng | ||
| 082 |
_a248.482 _219 _bH656 |
||
| 100 | 1 |
_aHilton, Walter, _d-1396. _eautor |
|
| 245 | 1 | 0 |
_aToward a perfect love : _bthe spiritual counsel of Walter Hilton _c/ Walter Hilton ; traducido por David L. Jeffrey. |
| 264 | 1 |
_aPortland, Or. : _bMultnomah Press, _c[1985] |
|
| 264 | 4 | _c© 1985 | |
| 300 |
_axxix, 182 páginas ; _c22 cm. |
||
| 336 |
_2rdacontent _atexto _btxt |
||
| 337 |
_2rdamedia _asin mediación _bn |
||
| 338 |
_2rdacarrier _avolumen _bnc |
||
| 490 | 1 | _aClassics of faith & devotion | |
| 504 | _aIncluye bibliografías e índice. | ||
| 505 | _aLibro uno: La vida espiritual. -- Verdadera espiritualidad. -- Sobre la oración. -- Sobre la meditación. -- Examen de conciencia. -- Reforma y contemplación. -- La medida del amor. -- Libro dos: El progreso del alma. -- La imagen de Dios. -- El peregrino espiritual. -- Luz verdadera y falsa. -- Mirando al yo. -- El don del amor. -- Contemplando a Jesús. | ||
| 563 | _aRústico | ||
| 610 | 2 | 7 | _aIglesia Católica |
| 650 | 0 |
_aVida espiritual _951 |
|
| 700 | 1 |
_aJeffrey, David L., _d1941- _eautor |
|
| 830 | 0 | _aClassics of faith and devotion. | |
| 942 | _cBK | ||
| 945 | _aJTF-925 | ||
| 999 |
_c66404 _d66404 |
||